Songs Titled "Time" - Statistics

General Stats
  • This quiz has been taken 14 times
  • The average score is 3 of 15
Answer Stats
Artist/Band Song % Correct
Pink Floyd {Time}
85%
Harry Styles {Sign} {of} {the} Times
46%
Britney Spears ...{Baby} {One} {More} Time
31%
Billie Eilish {No} Time {To} {Die}
23%
The Weeknd {Dark} Times
15%
Lana Del Rey {Doin}’ Time
15%
Ariana Grande {One} {Last} Time
15%
The Weeknd {Out} {of} Time
15%
Bob Dylan {The} Times {They} {Are} {A-Changin}’
15%
The Weeknd {Wasted} Times
15%
Tyler, The Creator {RUNNING} {OUT} {OF} TIME
8%
Joe Bellion {All} Time {Low}
0%
Kendrick Lamar {Father} Time
0%
Drake {From} Time
0%
Regina Spektor {You’ve} {Got} Time
0%
No matching quizzes found
Score Distribution
Percent of People with Each Score
Percentile by Number Answered
Your Score History
You have not taken this quiz